000 02644nam0a2200349 4500
001 RU\NLR\BIBL_A\022670154
005 20260316100832.0
010 _a978-5-7310-6724-9
_932
021 _aRU
_bКН-П-25-060575
_9КН-П-25-5845
035 _a(NLR Aleph) 022670154
090 _a13635310
_c13635310
100 _a20251120d2025 u y0rusy50 ca
101 0 _arus
102 _aRU
105 _aa j 000yy
181 0 _ai
_baxxe
182 0 _an
200 1 _aАнализ правоприменительных документов на предмет противодействия отмыванию доходов, полученных преступным путем, и финансированию терроризма
_eучебное пособие
_eдля студентов всех форм обучения по специальности 38.05.01 – "Экономическая бнзопасность"
_fТ. А. Филатова, С. А. Асалханова
_gМинистерство науки и высшего образования Российской Федерации, Санкт-Петербургский государственный экономический университет, Факультет бизнеса, таможенного дела и экономической безопасности, Кафедра экономической безопасности
203 _aТекст
_bвизуальный
_cнепосредственный
210 _aСанкт-Петербург
_cИзд-во СПбГЭУ
_d2025
215 _a72 с.
_cтабл.
_d20
320 _aБиблиогр.: с. 71–72 (12 назв.) и в подстроч. примеч.
606 1 _aОтмывание денег
_jУчебные издания для высших учебных заведений
_xБорьба с ним
_yРоссийская Федерация
_92187122
_3RU\NLR\AUTH\661314940
606 1 _aТерроризм
_jУчебно-методические пособия для высших учебных заведений
_xФинансирование
_xБорьба с ним
_xПравовые вопросы
_92309480
_3RU\NLR\AUTH\6601608052
686 1 _aХ628.322.16я73
686 1 _aХ628.322.111.13я73
700 1 _aФилатова
_bТ. А.
_cканд. техн. наук, системы управления
_gТатьяна Александровна
_9129158
_3RU\NLR\AUTH\770129189
701 1 _aАсалханова
_bС. А.
_gСофья Алексеевна
942 _cBOOK
980 _aNB